Địa lý tự nhiên Việt Nam Sách dùng trong các trường Cao đẳng sư phạm Tập 1 Phần khái quát

Vị trí địa lý của Việt Nam và đặc điểm chung của tự nhiên Việt Nam. Lịch sử phát triển của tự nhiên và kho tàng khoáng sản của Việt Nam. Các đặc điểm của địa hình khí hậu, thuỷ văn, thổ nhưỡng và sinh vật Việt Nam

में बचाया:
ग्रंथसूची विवरण
मुख्य लेखक: Vũ Tự Lập
स्वरूप: पुस्तक
भाषा:Vietnamese
प्रकाशित: H. Giáo Dục 1987
विषय:
टैग : टैग जोड़ें
कोई टैग नहीं, इस रिकॉर्ड को टैग करने वाले पहले व्यक्ति बनें!
Thư viện lưu trữ: Mạng thư viện Đại học Đà Nẵng
LEADER 01547nam a2200361 4500
001 000008865
003 5058
005 20111021151000.0
008 111021s1987 viesd
041 0 |a vie 
082 |a 910.597  |b VU-L 
100 0 |a Vũ Tự Lập 
245 1 0 |a Địa lý tự nhiên Việt Nam  |b Sách dùng trong các trường Cao đẳng sư phạm  |c Vũ Tự Lập  |n Tập 1  |p Phần khái quát 
260 |a H.  |b Giáo Dục  |c 1987 
300 |a 236tr.  |c 24 cm 
500 |a ĐTTS ghi: Bộ Giáo dục. Cục đào tạo và bồi dưỡng 
520 |a Vị trí địa lý của Việt Nam và đặc điểm chung của tự nhiên Việt Nam. Lịch sử phát triển của tự nhiên và kho tàng khoáng sản của Việt Nam. Các đặc điểm của địa hình khí hậu, thuỷ văn, thổ nhưỡng và sinh vật Việt Nam 
653 |a Địa lý tự nhiên 
653 |a Địa lý 
653 |a Giáo trình 
653 |a Vũ Tự Lập 
773 |t Địa lý tự nhiên Việt Nam  |w 5050 
910 |a Võ Quang Huy  |d 21/10/2011 
OWN |a LSP 
AVA |a UDN50  |b LSP  |d 910.597 VU-L  |e available  |t Error 5001 Not defined in file expand_doc_bib_avail.  |f 3  |g 1  |h N  |i 0  |k 1 
999 |a From the UDN01 
AVA |a UDN50  |b LSP  |d 910.597 VU-L  |e available  |t Error 5001 Not defined in file expand_doc_bib_avail.  |f 3  |g 1  |h N  |i 0  |k 1 
TYP |a Monograph 
TYP |a Printed language 
980 |a Mạng thư viện Đại học Đà Nẵng